| Tag |
First Indicator |
Second Indicator |
Subfields |
| LEADER |
00000cam a2200000 a 4500 |
| 001 |
in00002530833 |
| 006 |
m d f |
| 007 |
cr b|||||||||| |
| 008 |
091008s2009 dcua o f000 0 eng c |
| 005 |
20230928213635.1 |
| 035 |
|
|
|a (OCoLC)ocn454496155
|
| 040 |
|
|
|a GPO
|b eng
|c GPO
|d GPO
|d UBY
|d OCLCQ
|d GPO
|d MvI
|
| 042 |
|
|
|a pcc
|
| 043 |
|
|
|a n-us---
|
| 049 |
|
|
|a WWW
|
| 050 |
1 |
4 |
|a KF27
|b .H57 2008j
|
| 074 |
|
|
|a 1018-E (online)
|
| 086 |
0 |
|
|a Y 4.H 75:110-129
|
| 088 |
|
|
|a Serial no. 110-129 (United States. Congress. House. Committee on Homeland Security)
|
| 110 |
1 |
|
|a United States.
|b Congress.
|b House.
|b Committee on Homeland Security.
|0 https://id.loc.gov/authorities/names/n2005041280
|
| 245 |
1 |
4 |
|a The challenge of aligning programs, personnel, and resources to achieve border security
|h [electronic resource] :
|b hearing before the Committee on Homeland Security, House of Representatives, One Hundred Tenth Congress, second session, July 17, 2008.
|
| 264 |
|
1 |
|a Washington :
|b U.S. G.P.O.,
|c 2009.
|
| 300 |
|
|
|a 1 online resource (iii, 81 pages) :
|b illustrations
|
| 336 |
|
|
|a text
|b txt
|2 rdacontent
|
| 337 |
|
|
|a computer
|b c
|2 rdamedia
|
| 338 |
|
|
|a online resource
|b cr
|2 rdacarrier
|
| 500 |
|
|
|a Title from title screen (viewed on Oct. 8, 2009).
|
| 500 |
|
|
|a "Serial no. 110-129."
|
| 500 |
|
|
|a GPO Cataloging Record Distribution Program (CRDP).
|
| 650 |
|
0 |
|a Border security
|z United States
|x Management.
|
| 650 |
|
0 |
|a Ports of entry
|x Security measures
|z United States.
|
| 650 |
|
0 |
|a Noncitizens
|x Government policy
|z United States.
|
| 650 |
|
0 |
|a Illegal immigration
|x Government policy
|z United States.
|
| 650 |
|
0 |
|a Immigration enforcement
|z United States.
|
| 610 |
1 |
0 |
|a United States.
|b Department of Homeland Security
|x Management.
|
| 776 |
0 |
8 |
|i Print version:
|a United States. Congress. House. Committee on Homeland Security.
|t Challenge of aligning programs, personnel, and resources to achieve border security
|h iii, 81 ...
|w (OCoLC)454499799
|
| 776 |
0 |
8 |
|i Microfiche:
|a United States. Congress. House. Committee on Homeland Security.
|t Challenge of aligning programs, personnel, and resources to achieve border security
|h iii, 81 ...
|w (OCoLC)557310618
|
| 856 |
4 |
0 |
|u https://purl.fdlp.gov/GPO/FDLP431
|t 0
|
| 999 |
f |
f |
|s a80bd6ff-ee83-3689-b029-2807e8321d33
|i f187f69f-9ae3-3915-a225-e60de65085cb
|t 0
|
| 952 |
f |
f |
|a Texas A&M University
|b College Station
|c Electronic Resources
|d Available Online
|t 0
|e Y 4.H 75:110-129
|h Superintendent of Documents classification
|
| 998 |
f |
f |
|a Y 4.H 75:110-129
|t 0
|l Available Online
|